| 000 | 01195nam a2200229Ia 4500 | ||
|---|---|---|---|
| 003 | Ost | ||
| 005 | 20260507075529.0 | ||
| 008 | 260507s9999||||xx |||||||||||||| ||und|| | ||
| 020 | _a9773011259 | ||
| 040 | _cfsecg | ||
| 041 | _aara | ||
| 082 | _a331.137 | ||
| 100 |
_aعبد الحميد، صلاح محمد _eمؤلف |
||
| 245 | 0 |
_aأزمة البطالة : _bدراسة مقارنة مصر-السعودية -الكويت / _c صلاح محمد عبد الحميد |
|
| 260 |
_aمصر: _bهبة النيل العربية للنشر و التوزيع, _c2007 |
||
| 300 |
_a175 صفحة؛ _bإيضاحات ؛ _c24 سم |
||
| 504 | _aبيبليوغرافيا: ص.174 | ||
| 520 | _aمفهوم البطالة وتاريخها، أنواع البطالة وتكلفتها، أسباب مشكلة البطالة، أثر البطالة في البناء الإجتماعي، الصحة النفسية والبطالة، عندما يكون التعليم سبب البطالة ، الرخاء الرأسمالي، الفقر والبطالة، البطالة والدورس الخصوصية | ||
| 653 | _aالأزمات الإقتصادية | ||
| 653 | _aالبطالة | ||
| 942 | _cكتاب | ||
| 999 |
_c44815 _d44815 |
||